Sviňa a iné bájky

Bibliographic Details
Main Author: Krylov, Ivan Andrejevič, 1768-1844 (Author)
Corporate Author: Najkrajšie a najlepšie detské knihy jari, leta, jesene a zimy na Slovensku (Najkrajšia detská kniha jari 2011)
Other Authors: Štrasser, Ján, 1946- (Translator), Born, Adolf, 1930-2016 (Illustrator)
Format: Conference Proceeding Book
Language:Slovak
Russian
PhysicalDescription:174 s. fareb. ilustr. 26 cm
Published: Bratislava Slovart 2011
ISBN:9788055602530
Edition:[1. vyd.]
Subjects:

MARC

LEADER 00000nam a2200000 a 4500
001 vtls010274267
003 SK-MaSNL
005 20260302011731.0
008 240318|2011 xo a g 000 pdslo
015 |a SNBA2011/07-04061 
020 |a 9788055602530  |q (viaz.) 
035 |a 867F1C17-1106-4AE9-B751-E138D9BDA0E9 
035 |a urn:nbn:sk:snk-amjxe7 
035 |a urn:nbn:sk:snk-am0083uh 
040 |a SNK  |b slo  |c SNK  |e AACR2 
041 1 |a slo  |h rus 
044 |a xo  |c SK 
072 7 |a 821.161.1  |x Ruská literatúra  |2 konspekt 
072 7 |a 821-93  |x Literatúra pre deti a mládež  |2 konspekt 
080 |a 821.161.1-342  |2 2001 
080 |a 821-93  |2 2001 
100 1 |a Krylov, Ivan Andrejevič,  |d 1768-1844  |4 aut  |9 123034 
240 1 0 |a Basni  |l Slovensky 
245 1 0 |a Sviňa a iné bájky  |c Ivan Andrejevič Krylov ; [z ruského originálu preložil Ján Štrasser ; ilustrácie Adolf Born] 
250 |a [1. vyd.] 
260 |a Bratislava  |b Slovart  |c 2011 
300 |a 174 s.  |b fareb. ilustr.  |c 26 cm 
500 |a Biogr. údaje 
655 7 |a ruské bájky  |2 SNKPH  |9 345186 
655 7 |a Russian fables  |2 SNKPHeng  |9 606374 
655 7 |a publikácie pre mládež  |2 SNKPH  |9 70434 
655 7 |a Juvenile literature  |2 SNKPHeng  |9 278419 
700 1 |a Štrasser, Ján,  |d 1946-  |4 trl  |9 93512 
700 1 |a Born, Adolf,  |d 1930-2016  |4 ill  |9 55161 
711 2 |a Najkrajšie a najlepšie detské knihy jari, leta, jesene a zimy na Slovensku  |n (22 :  |d 2011 :  |c Bratislava, Slovensko).  |e Najkrajšia detská kniha jari 2011  |9 413249 
852 |a Štátna vedecká knižnica v Banskej Bystrici 
919 |a 978-80-556-0253-0 
958 |a UP 
958 |a LX 
968 |b RUS  |d 821 
999 |c 1007205  |d 1009135 
952 |a SNK  |b SNK  |y PREZ  |7 0  |p 17A0701842  |o snkSB 81415  |i snk2011/10043  |8 0  |0 0  |1 0  |4 0  |d 2011-05-03  |f 1  |l 0  |r 2025-05-05 00:00:00  |w 2026-02-24 
952 |a SNK  |b SNK  |y VYP  |7 0  |p 17A0701843  |o snkSB 81415 D1  |i snk2011/10044  |8 0  |0 0  |1 0  |4 0  |d 2011-05-03  |l 0  |r 2016-06-30 00:00:00  |w 2026-02-24